000 01031nam a2200313 i 4500
003 EG-GICUC
005 20260329223211.0
008 260329s1984 fr ||||fr|||| 00| 0 fre d
020 _a2275010157
040 _aEG-GiCUC
_bfre
_cEG-GiCUC
_dEG-GiCUC
_eRda
082 0 4 _221
_a341.71
_bRE . P
092 0 4 _221
099 _aLaw1 11 341.71 RE . P 1984
100 1 _aReynaud,André
_eAuteur
245 _aLe Plateau Continental De La France .
_hTome XCII /
_cAndré Reynaud .
264 1 _aParis :
_bLIbrairie Générale De Droit Et De Jurisprudence ,
_c1984 .
300 _a431 page ;
_c24 cm.
336 _2rda contenu
_a texte
337 _2rda medias
_aOrdinateur
338 _2 transporteur rda
_a Ressource en ligne
546 _aTexte en français
650 _aDroit International Public
650 _aPolitique Internationale
700 1 _aLe Doyen,M.
_ePréfacier
700 1 _aColliard,A.
_ePréfacier
856 4 0 _uhttps://fll.law.cu.edu.eg/fulltext/bks/B11-08323.pdf
905 _a59
942 _2ddc
_n0
_cBK
_e21
999 _c67485
_d67485